LEADER 01057nam0 22002531i 450 001 SUN0021142 005 20160923121032.308 100 $a20040802d1982 |0itac50 ba 101 $aita 102 $aIT 105 $a|||| ||||| 200 1 $aAtlante aerofotografico$econ esempi di fotointerpretazione$fEraldo Amadesi 210 $aBologna$cPitagora$d1982 215 $a143 p.$cill.$d25x25 cm. 620 $dBologna$3SUNL000003 676 $a910.22$cAerofotografie$v22 700 1$aAmadesi$b, Eraldo$3SUNV017426$08290 712 $aPitagora$3SUNV000259$4650 801 $aIT$bSOL$c20181109$gRICA 912 $aSUN0021142 950 $aUFFICIO DI BIBLIOTECA DEL DIPARTIMENTO DI SCIENZE E TECNOLOGIE AMBIENTALI BIOLOGICHE E FARMACEUTICHE$d17 CONS Sc6 $e17 FSA686 995 $aUFFICIO DI BIBLIOTECA DEL DIPARTIMENTO DI SCIENZE E TECNOLOGIE AMBIENTALI BIOLOGICHE E FARMACEUTICHE$bIT-CE0101$gFSA$h686$kCONS Sc6$oc$qa 996 $aAtlante Aerofotografico$9324910 997 $aUNICAMPANIA LEADER 01021nam a2200265 a 4500 001 991004063719707536 008 081127s 000 0 eng d 020 $a9782874630484 035 $ab13794553-39ule_inst 040 $aDip.to Filologia Ling. e Lett.$bita 100 1 $aFairon, Cèdrick$0629513 245 13$aLe langage SMS :$bètude d'un corpus informatisè à partir de l'enquète Faites don de vos SMS àla science /$cCèdrik Fairon ... [et al.] 260 $aLouvain :$bUCL Universitaires ;$cc2006 300 $a123 p. ;$c24 cm 440 0$aCahiers du Cental ;$v3.1 500 $aInclude bibliografia 650 4$aLinguistica 700 1 $aKlein, Jean Renè 700 1 $aPaumier, Sèbastien 907 $a.b13794553$b09-03-22$c27-11-08 912 $a991004063719707536 945 $aLE008 FL.M. (Ling.) XX A 3$g1$i2008000344009$lle008$o-$pE0.00$q-$rl$s- $t0$u1$v1$w1$x0$y.i14890975$z27-11-08 996 $aLangage SMS$91224320 997 $aUNISALENTO 998 $ale008$b27-11-08$cm$da $e-$ffre$gfr $h0$i0